[Event "Berlin Spandau op"]
[Site "Berlin"]
[Date "2018.12.28"]
[Round "3"]
[White "Reyer, Ulli"]
[Black "Zimmermann, Tom"]
[Result "1/2-1/2"]
[WhiteElo "2161"]
[BlackElo "1960"]
[PlyCount "29"]
[EventDate "2018.12.27"]
[EventType "swiss"]
[EventRounds "7"]
[EventCountry "GER"]
[SourceTitle "CBM 188 Extra"]
[Source "ChessBase"]
[SourceDate "2019.02.26"]
[SourceVersion "1"]
[SourceVersionDate "2019.02.26"]
[SourceQuality "1"]

1. e4 b6 2. d4 Bb7 3. Bd3 e6 4. Nf3 c5 5. 0-0 cxd4 6. Nxd4 Nc6 7. Nxc6 Bxc6 8. c4 Nf6 9. Qe2 d6 10. Rd1 Qc7 11. Nc3 Be7 12. a3 0-0 13. b4 Rfd8 14. Bb2 Rac8 15. Rac1 1/2-1/2

[Event "Leipzig VfB op 24th"]
[Site "Leipzig"]
[Date "2017.03.22"]
[Round "3"]
[White "Helmrich, Daniel"]
[Black "Zimmermann, Tom"]
[Result "0-1"]
[WhiteElo "1744"]
[BlackElo "1963"]
[PlyCount "80"]
[EventDate "2017.03.21"]
[EventType "swiss"]
[EventRounds "9"]
[EventCountry "GER"]
[SourceTitle "EXT 2018"]
[Source "ChessBase"]
[SourceDate "2017.10.13"]
[SourceVersion "1"]
[SourceVersionDate "2017.10.13"]
[SourceQuality "1"]

1. e4 b6 2. d4 Bb7 3. Bd3 e6 4. Nf3 c5 5. c3 cxd4 6. cxd4 Bb4+ 7. Bd2 Bxd2+ 8. Nbxd2 Nf6 9. 0-0 0-0 10. e5 Nd5 11. Be4 d6 12. a3 dxe5 13. dxe5 Nd7 14. Nb3 Rc8 15. Rc1 Rxc1 16. Qxc1 Qb8 17. Qg5 h6 18. Qg3 Nc3 19. Bd3 Na4 20. Bb5 Nac5 21. Nxc5 Nxc5 22. Re1 Rd8 23. Qf4 Nd3 24. Bxd3 Rxd3 25. Qc4 Qd8 26. Qa4 a6 27. Qh4 Qxh4 28. Nxh4 g5 29. Nf3 Bxf3 30. gxf3 Rxf3 31. Rd1 Rb3 32. Rd2 Kg7 33. Kg2 Kg6 34. f3 Kf5 35. Rd7 Rxb2+ 36. Kg3 Kg6 37. h4 gxh4+ 38. Kxh4 Rb3 39. Rd6 Rxf3 40. Rxb6 Rxa3 0-1

[Event "Leipzig VfB op 20th"]
[Site "Leipzig"]
[Date "2013.03.09"]
[Round "9"]
[White "Haerig, Wolfram"]
[Black "Zimmermann, Tom"]
[Result "0-1"]
[WhiteElo "1759"]
[BlackElo "1979"]
[PlyCount "64"]
[EventDate "2013.03.05"]
[EventType "swiss"]
[EventRounds "9"]
[EventCountry "GER"]
[SourceTitle "EXT 2014"]
[Source "ChessBase"]
[SourceDate "2013.11.20"]
[SourceVersion "1"]
[SourceVersionDate "2013.11.20"]
[SourceQuality "1"]

1. e4 c5 2. Nf3 a6 3. d4 cxd4 4. Nxd4 Nf6 5. Nc3 d6 6. Bg5 e6 7. Bd3 Be7 8. f4 Nbd7 9. Qf3 Qc7 10. 0-0-0 0-0 11. g4 Rb8 12. h4 b5 13. h5 Nc5 14. Nb3 Bb7 15. Bxf6 Bxf6 16. Ne2 Rfc8 17. g5 Be7 18. g6 fxg6 19. hxg6 h6 20. Nxc5 dxc5 21. c4 Bf6 22. Qh3 Re8 23. Rhf1 bxc4 24. Bxc4 Bxe4 25. Bxe6+ Kh8 26. Rd7 Bxb2+ 27. Kd1 Red8 28. Rxd8+ Rxd8+ 29. Ke1 Qd6 30. Qg4 Qd2+ 31. Kf2 Rd3 32. Bc4 Bd4# 0-1

[Event "Leipzig VfB op 20th"]
[Site "Leipzig"]
[Date "2013.03.09"]
[Round "7"]
[White "Peschel, Jens"]
[Black "Zimmermann, Tom"]
[Result "1/2-1/2"]
[WhiteElo "1902"]
[BlackElo "1979"]
[PlyCount "93"]
[EventDate "2013.03.05"]
[EventType "swiss"]
[EventRounds "9"]
[EventCountry "GER"]
[SourceTitle "EXT 2014"]
[Source "ChessBase"]
[SourceDate "2013.11.20"]
[SourceVersion "1"]
[SourceVersionDate "2013.11.20"]
[SourceQuality "1"]

1. e4 c5 2. Nc3 d6 3. f4 Nc6 4. Bb5 Bd7 5. Nf3 g6 6. 0-0 Bg7 7. d3 e6 8. Kh1 Nge7 9. Be3 0-0 10. Qd2 a6 11. Bxc6 Nxc6 12. Qf2 b6 13. Rae1 Ne7 14. d4 cxd4 15. Bxd4 Bxd4 16. Qxd4 Bc6 17. Rd1 d5 18. Qe5 Qb8 19. Qf6 Qc7 20. Ne5 dxe4 21. Nxc6 Nxc6 22. Nxe4 Ne7 23. Qd4 Nf5 24. Nf6+ Kh8 25. Ne8+ Nxd4 26. Nxc7 Ra7 27. Rxd4 Rxc7 28. c3 Kg7 29. g3 Kf6 30. Rd6 Rb8 31. Rfd1 Ke7 32. Kg2 Rbb7 33. Kf3 Rd7 34. Rxd7+ Rxd7 35. Rxd7+ Kxd7 36. Ke4 Kd6 37. Kd4 f6 38. g4 h6 39. h4 b5 40. g5 e5+ 41. fxe5+ fxe5+ 42. Ke4 hxg5 43. hxg5 a5 44. b3 a4 45. c4 bxc4 46. bxc4 a3 47. c5+ 1/2-1/2

[Event "Leipzig VfB op 20th"]
[Site "Leipzig"]
[Date "2013.03.08"]
[Round "6"]
[White "Zimmermann, Tom"]
[Black "Heinsohn, Guenter"]
[Result "1/2-1/2"]
[WhiteElo "1979"]
[BlackElo "2152"]
[PlyCount "105"]
[EventDate "2013.03.05"]
[EventType "swiss"]
[EventRounds "9"]
[EventCountry "GER"]
[SourceTitle "EXT 2014"]
[Source "ChessBase"]
[SourceDate "2013.11.20"]
[SourceVersion "1"]
[SourceVersionDate "2013.11.20"]
[SourceQuality "1"]

1. d4 Nf6 2. c4 c5 3. d5 e5 4. Nc3 d6 5. e4 Be7 6. Bd3 Nbd7 7. Nge2 0-0 8. 0-0 Ne8 9. f4 exf4 10. Bxf4 Bf6 11. Qc2 Be5 12. Ng3 g6 13. Qd2 Bxf4 14. Rxf4 Ne5 15. Raf1 a6 16. Nd1 b5 17. b3 b4 18. Nb2 a5 19. Be2 Bd7 20. Nd3 Qe7 21. Nxe5 Qxe5 22. Bg4 Bxg4 23. Rxg4 Nf6 24. Rgf4 Nd7 25. Qf2 f6 26. h4 a4 27. h5 axb3 28. axb3 Ra3 29. Rf3 Kg7 30. hxg6 hxg6 31. Ne2 Rfa8 32. Nf4 Ra1 33. Ne6+ Kg8 34. Qe3 Rxf1+ 35. Rxf1 Nf8 36. Nxf8 Rxf8 37. Qf4 Qxf4 38. Rxf4 Kg7 39. Kf2 Ra8 40. Kg3 Ra1 41. Rf3 Rc1 42. Re3 Rc2 43. Kf3 Kh6 44. Kg3 Kg5 45. Kf3 Kh4 46. Rd3 Kg5 47. Re3 Rc1 48. Rd3 Rf1+ 49. Ke2 Rb1 50. Kf3 Rb2 51. Kg3 Re2 52. Kf3 Rc2 53. Re3 1/2-1/2

[Event "Leipzig VfB op 20th"]
[Site "Leipzig"]
[Date "2013.03.07"]
[Round "4"]
[White "Zimmermann, Tom"]
[Black "Huelle, Gunter"]
[Result "1/2-1/2"]
[WhiteElo "1979"]
[BlackElo "1759"]
[PlyCount "80"]
[EventDate "2013.03.05"]
[EventType "swiss"]
[EventRounds "9"]
[EventCountry "GER"]
[SourceTitle "EXT 2014"]
[Source "ChessBase"]
[SourceDate "2013.11.20"]
[SourceVersion "1"]
[SourceVersionDate "2013.11.20"]
[SourceQuality "1"]

1. d4 Nf6 2. c4 d6 3. Nc3 g6 4. Nf3 Bg7 5. Bf4 0-0 6. e3 Nh5 7. Bg5 h6 8. Bh4 c6 9. Be2 f5 10. 0-0 Qc7 11. Nd2 Nf6 12. Bg3 e5 13. c5 Nfd7 14. cxd6 Qxd6 15. Nc4 Qe7 16. Nxe5 Nxe5 17. dxe5 Bxe5 18. Bxe5 Qxe5 19. Bf3 Be6 20. Qa4 Nd7 21. Rfd1 Nb6 22. Qb4 Qc7 23. Ne2 Rad8 24. Nf4 Bf7 25. Be2 Rxd1+ 26. Rxd1 Rd8 27. b3 Rxd1+ 28. Bxd1 Nd5 29. Nxd5 Bxd5 30. Qd2 Kf7 31. Bc2 Qe5 32. h3 b6 33. a4 Qa1+ 34. Kh2 Qe5+ 35. g3 c5 36. b4 c4 37. a5 b5 38. f4 Qe6 39. Qd4 a6 40. Kg1 Qc6 1/2-1/2

[Event "Leipzig VfB op 20th"]
[Site "Leipzig"]
[Date "2013.03.06"]
[Round "2"]
[White "Zimmermann, Tom"]
[Black "Ehrich, Dieter"]
[Result "1/2-1/2"]
[WhiteElo "1979"]
[BlackElo "1720"]
[PlyCount "103"]
[EventDate "2013.03.05"]
[EventType "swiss"]
[EventRounds "9"]
[EventCountry "GER"]
[SourceTitle "EXT 2014"]
[Source "ChessBase"]
[SourceDate "2013.11.20"]
[SourceVersion "1"]
[SourceVersionDate "2013.11.20"]
[SourceQuality "1"]

1. d4 b6 2. c4 Bb7 3. Nc3 e6 4. e3 Nf6 5. Nf3 Bb4 6. Bd2 d6 7. Be2 0-0 8. 0-0 Nbd7 9. a3 Bxc3 10. Bxc3 Ne4 11. Rc1 Nxc3 12. Rxc3 Nf6 13. Nd2 c5 14. Bf3 Qc7 15. Qc2 Rac8 16. Ne4 Nxe4 17. Bxe4 Bxe4 18. Qxe4 Rfe8 19. Rd1 f5 20. Qf3 Qf7 21. dxc5 dxc5 22. Rcd3 Rc7 23. Rd8 Qe7 24. R8d2 Qh4 25. b3 Qg4 26. Qxg4 fxg4 27. Rd7 Re7 28. Rxc7 Rxc7 29. Kf1 Kf7 30. Ke2 Kf6 31. e4 g5 32. Ke3 h5 33. Rd8 h4 34. Rh8 Rd7 35. Rh6+ Kf7 36. Rh7+ Ke8 37. Rh8+ Kf7 38. Rh7+ Ke8 39. Rxd7 Kxd7 40. f4 e5 41. f5 Ke7 42. b4 a6 43. a4 a5 44. bxa5 bxa5 45. h3 Kf6 46. Kf2 Kg7 47. Kg1 Kh6 48. Kh2 Kh5 49. g3 gxh3 50. Kxh3 g4+ 51. Kg2 h3+ 52. Kh2 1/2-1/2

[Event "Leipzig VfB op 19th"]
[Site "Leipzig"]
[Date "2012.03.08"]
[Round "4"]
[White "Zuther, Torsten"]
[Black "Zimmermann, Tom"]
[Result "1/2-1/2"]
[WhiteElo "2133"]
[BlackElo "1947"]
[PlyCount "116"]
[EventDate "2012.03.06"]
[EventType "swiss"]
[EventRounds "9"]
[EventCountry "GER"]
[SourceTitle "CBM 147 Extra"]
[Source "ChessBase"]
[SourceDate "2012.04.24"]
[SourceVersion "1"]
[SourceVersionDate "2012.04.24"]
[SourceQuality "1"]

1. d4 Nf6 2. Nc3 d5 3. e4 Nxe4 4. Nxe4 dxe4 5. f3 e6 6. Be3 Nd7 7. Be2 Bd6 8. fxe4 Qh4+ 9. Bf2 Qxe4 10. Nf3 Bf4 11. 0-0 Be3 12. Bd3 Bxf2+ 13. Rxf2 Qg4 14. Qe1 0-0 15. Qc3 c6 16. Re1 Nb6 17. Re4 Qg6 18. Qc5 f5 19. Re1 Nd5 20. Qd6 Qf6 21. c3 Rd8 22. Qg3 Qg6 23. Qh4 Qf6 24. Qg3 Qg6 25. Qxg6 hxg6 26. Ng5 Rd6 27. Bc4 Bd7 28. Bxd5 cxd5 29. Rfe2 Re8 30. Kf2 Kf8 31. Re3 Ke7 32. Rg3 Rh8 33. Nf3 Kf6 34. h4 Be8 35. Re2 Bb5 36. Rd2 Ra6 37. a3 Be8 38. Ke3 b5 39. Kf4 Rb6 40. Rh3 a5 41. Rh1 b4 42. axb4 axb4 43. Ra1 bxc3 44. bxc3 Rc6 45. Rc2 Rc8 46. Ra7 Rxh4+ 47. Nxh4 g5+ 48. Kg3 gxh4+ 49. Kxh4 g5+ 50. Kg3 Bg6 51. Kf2 f4 52. Rc1 Rb8 53. Ra2 Be4 54. Rd2 g4 55. g3 Rh8 56. gxf4 Rh2+ 57. Ke3 Rh3+ 58. Ke2 Rh2+ 1/2-1/2

[Event "Leipzig VfB op 19th"]
[Site "Leipzig"]
[Date "2012.03.07"]
[Round "2"]
[White "Heinsohn, Guenter"]
[Black "Zimmermann, Tom"]
[Result "1-0"]
[WhiteElo "2167"]
[BlackElo "1947"]
[PlyCount "117"]
[EventDate "2012.03.06"]
[EventType "swiss"]
[EventRounds "9"]
[EventCountry "GER"]
[SourceTitle "CBM 147 Extra"]
[Source "ChessBase"]
[SourceDate "2012.04.24"]
[SourceVersion "1"]
[SourceVersionDate "2012.04.24"]
[SourceQuality "1"]

1. e4 c5 2. Nf3 a6 3. Nc3 d6 4. d4 cxd4 5. Nxd4 Nf6 6. Be2 e6 7. 0-0 Be7 8. f4 Qc7 9. Kh1 Nbd7 10. Bf3 Rb8 11. a4 b6 12. e5 dxe5 13. fxe5 Nxe5 14. Bf4 Bd7 15. Qe2 Bd6 16. Qxa6 Qc4 17. Qxc4 Nxc4 18. Bxd6 Nxd6 19. Ndb5 Nc4 20. Be2 Ne3 21. Rfc1 0-0 22. Nd1 Nfg4 23. Nxe3 Nxe3 24. Ra3 Nd5 25. Bf3 Nb4 26. Rb3 Na6 27. Rd3 Nc5 28. Rd6 Bxb5 29. axb5 Rfd8 30. Rxd8+ Rxd8 31. b4 Na4 32. c4 Rc8 33. Rc2 Kf8 34. Kg1 Ke7 35. Kf2 f5 36. Ke2 g5 37. Kd2 Rd8+ 38. Kc1 Rd4 39. Kb1 Kd6 40. Be2 e5 41. Kc1 e4 42. Bh5 e3 43. Be2 Rh4 44. h3 g4 45. Kb1 gxh3 46. gxh3 Rd4 47. Bf3 Rd3 48. Ka2 f4 49. c5+ bxc5 50. bxc5+ Nxc5 51. b6 Rd4 52. Rb2 Ra4+ 53. Kb1 Na6 54. b7 Nb8 55. Rc2 Rb4+ 56. Kc1 Rb5 57. Rc8 Rc5+ 58. Kd1 Na6 59. Ra8 1-0

[Event "Leipzig VfB op 18th"]
[Site "Leipzig"]
[Date "2011.03.27"]
[Round "9"]
[White "Zimmermann, Tom"]
[Black "Kallert, Olaf"]
[Result "1/2-1/2"]
[WhiteElo "1938"]
[BlackElo "1578"]
[PlyCount "60"]
[EventDate "2011.03.20"]
[EventType "swiss"]
[EventRounds "9"]
[EventCountry "GER"]
[SourceTitle "CBM 141 Extra"]
[Source "ChessBase"]
[SourceDate "2011.05.03"]
[SourceVersion "1"]
[SourceVersionDate "2011.05.03"]
[SourceQuality "1"]

1. d4 Nf6 2. c4 e6 3. Nf3 d5 4. Bg5 Be7 5. e3 c6 6. cxd5 exd5 7. Bxf6 Bxf6 8. Bd3 Bg4 9. h3 Bxf3 10. Qxf3 Nd7 11. Nc3 0-0 12. 0-0 Re8 13. Rab1 Qc7 14. Rfc1 Qd6 15. b4 a6 16. a4 g6 17. b5 axb5 18. axb5 Ra3 19. bxc6 bxc6 20. Bf1 Bd8 21. Rb7 Nf6 22. Qe2 Bc7 23. Rxc7 Rxc3 24. Rxc3 Qxc7 25. Qc2 Rc8 26. Bd3 Qb6 27. Rb3 Qa5 28. Rc3 Qb6 29. Rc5 Kg7 30. Qb1 Rb8 1/2-1/2

[Event "Leipzig VfB op 18th"]
[Site "Leipzig"]
[Date "2011.03.26"]
[Round "8"]
[White "Schmiedek, Jens"]
[Black "Zimmermann, Tom"]
[Result "0-1"]
[WhiteElo "1800"]
[BlackElo "1938"]
[PlyCount "66"]
[EventDate "2011.03.20"]
[EventType "swiss"]
[EventRounds "9"]
[EventCountry "GER"]
[SourceTitle "CBM 141 Extra"]
[Source "ChessBase"]
[SourceDate "2011.05.03"]
[SourceVersion "1"]
[SourceVersionDate "2011.05.03"]
[SourceQuality "1"]

1. e4 c5 2. Nf3 d6 3. Bc4 Nf6 4. d3 e6 5. Nc3 Be7 6. h3 a6 7. a3 b5 8. Ba2 Bb7 9. 0-0 0-0 10. Bg5 Nbd7 11. Qd2 Rc8 12. Rfe1 Qc7 13. Bf4 Rfd8 14. Qe2 h6 15. Nd1 e5 16. Bd2 c4 17. Nc3 cxd3 18. cxd3 Bc6 19. Nd5 Bxd5 20. exd5 Qb7 21. d4 e4 22. Nh4 Re8 23. Nf5 Nb6 24. f3 Bf8 25. Bf4 Qd7 26. Ne3 Nc4 27. Nxc4 bxc4 28. Rac1 Nxd5 29. Bg3 exf3 30. Qxf3 Rxe1+ 31. Bxe1 Qb5 32. Qf1 Qxb2 33. Rxc4 Ne3 0-1